|
|
|
|
| LEADER |
00000cam a2200000 7i4500 |
| 001 |
0000164686 |
| 005 |
20120704.0 |
| 020 |
|
|
|a 9789670364018
|
| 090 |
0 |
0 |
|a 700
|b DAY
|
| 100 |
0 |
|
|a Dayang Suhaina Megat Ali
|
| 245 |
1 |
0 |
|a Kesenian dalam pertukangan
|c Dayang Suhaina Megat Ali
|
| 260 |
|
|
|a Shah Alam :
|b Pustaka Titipan Seni ,
|c 2012
|
| 300 |
|
|
|a 43 p. :
|b ill. ;
|c 19cm.
|
| 490 |
0 |
|
|a Galeri kesenian dan estetika
|
| 650 |
0 |
0 |
|a Arts
|z Malaysia
|
| 999 |
|
|
|a 00254938
|b BUKU
|c JUNIOR BOOKS
|e PERPUSTAKAAN KOMUNITI PETALING JAYA
|
| 999 |
|
|
|a 00254939
|b BUKU
|c MALAYSIANA
|e PERPUSTAKAAN KOMUNITI PETALING JAYA
|
| 999 |
|
|
|a 00254940
|b BUKU
|c JUNIOR REFERENCE
|e PERPUSTAKAAN KOMUNITI CAW KOTA DAMANSARA
|
| 999 |
|
|
|a 00280823
|b BUKU
|c MALAYSIANA
|e PERPUSTAKAAN KOMUNITI CAW TAMAN MEDAN
|